000 00290nam a22001337a 4500
008 210521b ||||| |||| 00| 0 eng d
041 _aeng
080 _a610.73
082 _a610.73
100 _a1
101 _aINF
245 _aNursing Research
_cVictoria V. Dickson
942 _2udc
_cBK
999 _c57582
_d57582